Aristóteles, 384-322 A.C., autor /
সংরক্ষণ করুন:
| প্রধান লেখক: | |
|---|---|
| বিন্যাস: | অজ্ঞাত |
| ভাষা: | Spanish |
| প্রকাশিত: |
Buenos Aires :
Sudamericana,
1957.
|
| বিষয়গুলি: | |
| ট্যাগগুলো: |
ট্যাগ যুক্ত করুন
কোনো ট্যাগ নেই, প্রথমজন হিসাবে ট্যাগ করুন!
|
MARC
| LEADER | 000000000a22000000004500 | ||
|---|---|---|---|
| 001 | 006632 | ||
| 041 | 0 | |a spa | |
| 082 | 0 | 4 | |a 185.1B |b A717r |
| 100 | 1 | |a Ross, Waldo | |
| 245 | 1 | 0 | |a Aristóteles, 384-322 A.C., autor / |c Waldo Ross. |
| 260 | 1 | |a Buenos Aires : |b Sudamericana, |c 1957. | |
| 300 | |a 425 páginas ; |c 20 cm. | ||
| 650 | 4 | |a ARISTOTELES, 384-322 A.C., AUTOR. | |
| 999 | |c 12113 |d 12113 | ||
| 942 | |c BK |h 185.1B A717r |2 z | ||
